000 00380nam a2200157 4500
005 20260121191956.0
020 _a9789395161961
082 _a519.5
_bAGA.B
084 _2Colon Classification
100 _aAgarwal B L
_98523
245 _aBasic statistics
250 _a8th ed.
260 _aNewDelhi:
_bNew Age International,
_c 2025.
300 _a828p.
942 _2ddc
_c GIF
999 _c755379
_d755379